| 000 | 00900nas a2200277 4500 | ||
|---|---|---|---|
| 001 | BR0805913 | ||
| 003 | BR-BrBNA | ||
| 005 | 20231205112029.0 | ||
| 007 | ta | ||
| 008 | 230509b bl.|||p| |||| 00| 00por d | ||
| 040 |
_aBR-BrBNA _bpor _cBiblioteca Nacional de Agricultura |
||
| 041 | _a(Pt) | ||
| 072 | _aL02; P06 | ||
| 100 | 1 | _aPompeu, R.C.F.F. | |
| 100 | 1 | _aCândido, M.J.D. | |
| 100 | 1 | _aNeiva, J.N.M. | |
| 100 | 1 | _aRogério, M.C.P. | |
| 100 | 1 | _aFacó, O. | |
| 245 | 1 | _aComponentes da biomassa pré-pastejo de capim-tanzânia sob lotação rotativa com quatro níveis de suplementação concentrada | |
| 650 | _aCAPIM COLONIÃO | ||
| 650 | _aDENSIDADE DEMOGRÁFICA | ||
| 650 | _aÁREA FOLIAR | ||
| 773 | 0 |
_tRevista Brasileira de Zootecnia (Brazil) _xISSN 1516-3598 _g(Mar 2008), v. 37(3) p. 383-393 _wBR0805913 |
|
| 909 |
_a202311 _bLúcia _c55 _dLúcia Elande |
||
| 942 |
_2AGRIS _n0 _cANA |
||
| 999 |
_c195721 _d195721 |
||